Les monuments touristiques du Liban - Statistiques

Statistiques générales
  • Ce quiz a été pris 49 fois
  • Le résultat moyen est 8 sur 20
Statistiques - réponses
Par images Hint Réponse % Correct
monument naturel de Beyrouth Grotte aux Pigeons Raouche
89%
Notre Dame du Liban Harissa
82%
Grotte naturelle de {Jeita}
79%
emblèmes du pays Cèdres de Dieu
71%
ile devenue presque ile, conquise par Alexandre le Grand Ville antique de {Tyr}
71%
Place des {Martyrs}, Beyrouth
68%
un des plus grands sites romains hors d'Italie, acceuille un festival de musique Temple romain de {Baalbek}
68%
Ville antique de {Byblos}
68%
troisième ville du pays Château {de la Mer Saida}
63%
porte le nom du fondateur de l'Église maronite Monastère {Saint Maron Saint Charbel}
53%
Palais de {Beiteddine}
45%
Ruines omeyyade de {Anjar}
21%
vallée sainte au Nord du Liban Vallée de la {Qadisha}
21%
situé au Nord du pays Gorges de Baatara
16%
commémore les combats face à l'occupation israélienne de 1978 à 2000 Mémorial de la {Résistance, Mleeta}
8%
situé au nord de la vallée de la Békaa Pyramide de {Hermel}
5%
Stèles historiques de {Nahr el Kalb}
5%
Arche naturelle de Fakra
3%
situé dans une station balnéaire très prisée Mur {phénicien de Batroun}
0%
situé dans la même ville que le monument précédent Pierre de la femme enceinte, Baalbek
0%
Aucun quiz correspondant
Distribution des résultats
% des personnes avec chaque résultat
Percentile par nombre de réponses
Votre historique - résultats
Vous n’avez pas pris ce quiz